| 000 | 00928nam a22002535i 4500 | ||
|---|---|---|---|
| 001 | 153767 | ||
| 003 | ES-MaACL | ||
| 005 | 20250827062632.0 | ||
| 008 | 970414s1870 sp d |||| | spa d | ||
| 040 |
_aCYL _bspa _cCYL |
||
| 110 | 1 |
_aEspaña _93622 |
|
| 240 | 1 | 0 | _aLeyes etc., de hipotecas |
| 245 | 1 | 0 | _aLey hipotecaria reformada y Reglamento general para su ejecución. |
| 250 | _aEdición oficial. | ||
| 260 |
_aMadrid : _b[s.n.], _c1870 ( _fImprenta del Ministerio de Gracia y Justicia) |
||
| 300 |
_a[6], CLV, 284 p., [5] h. pleg. ; _c23 cm. |
||
| 599 | _aLas h. pleg., modelos oficiales. | ||
| 650 | 4 |
_aHipotecas- _zEspaña- _vLegislación. _913366 |
|
| 710 | 2 |
_aEspaña. _bMinisterio de Gracia y Justicia. _93873 |
|
| 852 |
_aES-MaACL _jE-13085 _z.- Legado M. de la Fuente _z-- Enc. hol. |
||
| 852 |
_aES-MaACL _jC-2443 _z-- Enc. hol. |
||
| 852 |
_aES-MaACL _jF-14031 _z-- Enc. pasta |
||
| 999 |
_c153767 _d153767 |
||